Text book of Obstetrics (Record no. 1172)

MARC details
000 -LEADER
fixed length control field 00526nam a22002177a 4500
003 - CONTROL NUMBER IDENTIFIER
control field OSt
005 - DATE AND TIME OF LATEST TRANSACTION
control field 20150320140834.0
008 - FIXED-LENGTH DATA ELEMENTS--GENERAL INFORMATION
fixed length control field 150320b xxu||||| |||| 00| 0 eng d
020 ## - INTERNATIONAL STANDARD BOOK NUMBER
International Standard Book Number 8173811423
028 ## - PUBLISHER NUMBER
Publisher number New Central Book Agency
040 ## - CATALOGING SOURCE
Transcribing agency DDC
082 ## - DEWEY DECIMAL CLASSIFICATION NUMBER
Classification number WQ100 D95t 2013
Item number T
100 ## - MAIN ENTRY--PERSONAL NAME
Personal name Dutta D.C
9 (RLIN) 1364
245 ## - TITLE STATEMENT
Title Text book of Obstetrics
250 ## - EDITION STATEMENT
Edition statement 7th
260 ## - PUBLICATION, DISTRIBUTION, ETC. (IMPRINT)
Place of publication, distribution, etc. London
Name of publisher, distributor, etc. New Central Book Agency
Date of publication, distribution, etc. 2013
300 ## - PHYSICAL DESCRIPTION
Other physical details xvi,688p;
Dimensions 24cm
504 ## - BIBLIOGRAPHY, ETC. NOTE
Bibliography, etc Index
650 ## - SUBJECT ADDED ENTRY--TOPICAL TERM
Source of heading or term Obstetrics
942 ## - ADDED ENTRY ELEMENTS (KOHA)
Source of classification or shelving scheme Other/Generic Classification Scheme
Koha item type Book Bank
Holdings
Withdrawn status Lost status Source of classification or shelving scheme Damaged status Not for loan Home library Current library Date acquired Inventory number Total Checkouts Full call number Barcode Date last seen Date last checked out Price effective from Koha item type
    Other/Generic Classification Scheme     MUST Main Library MUST Main Library 20/03/2015 15/38817 5 WQ100 D95t 2013 T 2015-0499 13/04/2023 28/02/2023 20/03/2015 Book Bank
    Other/Generic Classification Scheme     MUST Main Library MUST Main Library 20/03/2015 15/38816 6 WQ100 D95t 2013 T 2015-0500 08/04/2023 18/01/2023 20/03/2015 Book Bank